| 000 | 004810000a22001210004500 | ||
|---|---|---|---|
| 090 |
_aAS _bSeriadas |
||
| 245 | 1 | 0 | _aDiscovery of Oscaecilia polyzona (Amphibia: Gymnophiona: Caeciliaidae) in the middle Magdalena with notes on its abundance and habitat |
| 041 | 0 | _aInglés | |
| 700 | 1 |
_aAcosta, Andrés R. _9100232 |
|
| 100 | 1 |
_aLynch, John D. _992907 |
|
| 942 | _cARTICULO | ||
| 773 | 1 |
_tRevista de la Academia Colombiana de Ciencias Exactas, Físicas y Naturales _h109 _q585-589 _d2004 _g28 |
|
| 999 |
_c15979 _d15979 |
||